La Flor del Moral (Record no. 8659)

MARC details
000 -CABECERA
campo de control de longitud fija 00962nam a2200241 a 4500
001 - NÚMERO DE CONTROL
campo de control BRCA_9008
005 - FECHA Y HORA DE LA ÚLTIMA TRANSACCIÓN
campo de control 20190320210505.0
008 - DATOS DE LONGITUD FIJA--INFORMACIÓN GENERAL
campo de control de longitud fija 190717s1791----sp-a######---#000-0#spa-#
041 ## - CÓDIGO DE LENGUA
Código de lengua del texto/banda sonora o título independiente spa
044 ## - CÓDIGO DEL PAÍS DE LA ENTIDAD EDITORA/PRODUCTORA
Código MARC del país sp
084 ## - OTRO NÚMERO DE CLASIFICACIÓN
Número de clasificación LE18
Número de documento/Ítem .C55 1791
100 1# - ENTRADA PRINCIPAL--NOMBRE DE PERSONA
Nombre de persona Cliquet, José Faustino (O.S.A.)
Fechas asociadas al nombre 1673-1760
9 (RLIN) 21354
245 10 - MENCIÓN DE TÍTULO
Título La Flor del Moral
Resto del título esto es, lo más florido y selecto que se halla en el jardín ameno, y dilatado campo de la teología moral
Mención de responsabilidad, etc. su autor M. R. P. Fr. Joseph Faustino Cliquet ; con las adiciones y correcciones que ha dispuesto el P. M. Fr. Francisco Belza...
250 ## - MENCIÓN DE EDICIÓN
Mención de edición 12a ed.
260 ## - PUBLICACIÓN, DISTRIBUCIÓN, ETC.
Lugar de publicación, distribución, etc. Madrid
Nombre del editor, distribuidor, etc. Por la viuda de Marin
Fecha de publicación, distribución, etc. 1791
300 ## - DESCRIPCIÓN FÍSICA
Extensión [4], 485 p. (t.2)
Dimensiones 21.1 x 15 cm
500 ## - NOTA GENERAL
Nota general Con las licencias necesarias
500 ## - NOTA GENERAL
Nota general Estado físico: presenta encuadernación en pergamino
650 14 - PUNTO DE ACCESO ADICIONAL DE MATERIA--TÉRMINO DE MATERIA
Término de materia o nombre geográfico como elemento de entrada Teología moral
Subdivisión cronológica Obras anteriores a 1800
9 (RLIN) 21355
700 1# - PUNTO DE ACCESO ADICIONAL--NOMBRE DE PERSONA
Nombre de persona Belza, Francisco
Títulos y otros términos asociados al nombre Fray
9 (RLIN) 21356
902 ## - CATALOGADOR
Iniciales CFM
942 ## - ELEMENTOS DE PUNTO DE ACCESO ADICIONAL (KOHA)
Fuente del sistema de clasificación o colocación Library of Congress Classification
Tipo de ítem Koha Libros
Holdings
Estado de retiro Estado de pérdida Estado dañado No para préstamo Localización permanente Ubicación/localización actual Fecha de adquisición Total de préstamos Signatura topográfica completa Código de barras Fecha visto por última vez Precio válido a partir de Tipo de ítem Koha
El ejemplar forma parte de la colección y puede ser consultado según las políticas vigentes.       Biblioteca del Museo Franz Mayer (Rogerio Casas-Alatriste) Biblioteca del Museo Franz Mayer (Rogerio Casas-Alatriste) 19/07/2017   LE18 .C55 1791 CFM00391 22/03/2019 22/03/2019 Libros